Statystyki dla 5 najbardziej wysuniętych na północ stolic według kontynentu

Kliknij tutaj aby rozwiązać quiz!

Ogólne statystyki

  • Ten quiz został rozwiązany 153 razy
  • Średni wynik to 18 z 30

Statystyki odpowiedzi

KontynentSzerokośćStolica% Poprawnych
Europa60°17' NHelsinki
98%
Europa59°95' NOslo
98%
Europa59°32' NSztokholm
97%
Europa64°13' NReykjavík
95%
Ameryka Północna38°88' NWaszyngton
91%
Ameryka Północna45°42' NOttawa
90%
Afryka30°05' NKair
88%
Afryka36°77' NAlgier
86%
Ameryka Północna19°43' NMeksyk
86%
Europa59°43' NTallinn
85%
Afryka36°80' NTunis
83%
Afryka34°03' NRabat
78%
Azja47°92' NUłan Bator
78%
Azja51°17' NNur-Sułtan
70%
Ameryka Południowa4°58' NBogota
69%
Afryka32°90' NTrypolis
64%
Ameryka Południowa10°50 NCaracas
61%
Ameryka Północna23°13' NHawana
61%
Ameryka Południowa0°25' SQuito
54%
Azja42°87' NBiszkek
38%
Ameryka Południowa6°80' NGeorgetown
37%
Ameryka Północna25°07' NNassau
36%
Azja41°27' NTaszkent
34%
Azja41°72' NTbilisi
33%
Ameryka Południowa5°87' NParamaribo
29%
Oceania0°53' SYaren
20%
Oceania6°92' NPalikir
19%
Oceania7°48' NNgerulmud
18%
Oceania7°07' NMajuro
17%
Oceania1°53' NTarawa
14%

Rozkład punktacji

Percentyl według liczby udzielonych odpowiedzi

Procent ludzi z każdym wynikiem

Twoja historia wyników

Nie rozwiązałeś tego quizu